LEADER 01395nas 2200481- 450 001 9910305146703321 005 20210111030220.1 011 $a2379-9897 035 $a(DE-599)ZDB2867631-2 035 $a(OCoLC)913404498 035 $a(CKB)3580000000001989 035 $a(CONSER)--2015202902 035 $a(EXLCZ)993580000000001989 100 $a20150707b20152016 --- a 101 0 $aeng 135 $aur||||||||||| 181 $ctxt$2rdacontent 182 $cc$2rdamedia 183 $acr$2rdacarrier 200 00$aCase reports in pancreatic cancer 210 1$aNew Rochelle, NY :$cMary Ann Liebert, Inc.,$d[2015-2016] 215 $a1 online resource 531 $aCASE REP PANCREAT CANCER 531 0 $aCase rep. pancreat. cancer 531 10$aCase Rep Pancreat Cancer 606 $aPancreas$xCancer$vPeriodicals 606 $aPancreas$xCancer$2fast$3(OCoLC)fst01051974 606 $aPancreatic Neoplasms 608 $aCase Reports. 608 $aFulltext. 608 $aInternet Resources. 608 $aPeriodicals. 608 $aPeriodicals.$2fast 608 $aCase Reports. 608 $aPeriodical. 615 0$aPancreas$xCancer 615 7$aPancreas$xCancer. 615 12$aPancreatic Neoplasms. 676 $a616.994 906 $aJOURNAL 912 $a9910305146703321 996 $aCase reports in pancreatic cancer$92142857 997 $aUNINA LEADER 01406nam a2200325 i 4500 001 991001881409707536 008 121112s1995 paua b 100 0 eng d 020 $a1560916443 035 $ab14085938-39ule_inst 040 $aDip.to Ingegneria dell'Innovazione$beng 082 0 $a629.2504$220 245 00$aGlobal emission experiences :$bprocesses, measurements, and substrates 260 $aWarrendale, PA :$bSociety of Automotive Engineers,$cc1995 300 $a286 p. :$bill. ;$c28 cm 500 $aPapers presented at the International Congress and Exposition, Detroit, Michigan, February 27-March 2, 1995. 500 $aSP-1094 500 $a"SAE/SP-95/1094"--T.p. verso 500 $aFebruary 1995 504 $aIncludes bibliographical references 650 4$aAutomobiles$xMotors$xExhaust gas$xCongresses. 650 4$aAutomobiles$xMotors$xCombustion$xCongresses. 650 4$aAutomobiles$xPollution control devices$xCongresses. 710 2 $aSociety of Automotive Engineers 711 2 $aSAE International Congress & Exposition$d(1995 :$cDetroit, Mich.) 907 $a.b14085938$b28-01-14$c12-11-12 912 $a991001881409707536 945 $aLE026 629.2504 SAE 01.01 1995$g1$i2026000058696$lle026$op$pE0.00$q-$rl$s- $t4$u0$v0$w0$x0$y.i15456523$z12-11-12 996 $aGlobal emission experiences$9240931 997 $aUNISALENTO 998 $ale026$b12-11-12$cm$da $e-$feng$gpau$h0$i0 LEADER 02572nam 2200577 a 450 001 9910789630703321 005 20230725030805.0 010 $a1-283-05037-4 010 $a9786613050373 010 $a90-485-1345-6 035 $a(CKB)2670000000077682 035 $a(EBL)675631 035 $a(OCoLC)710975150 035 $a(SSID)ssj0000638450 035 $a(PQKBManifestationID)12208872 035 $a(PQKBTitleCode)TC0000638450 035 $a(PQKBWorkID)10708861 035 $a(PQKB)11784499 035 $a(MiAaPQ)EBC675631 035 $a(Au-PeEL)EBL675631 035 $a(CaPaEBR)ebr10459457 035 $a(CaONFJC)MIL305037 035 $a(EXLCZ)992670000000077682 100 $a20110418d2010 uy s 101 0 $adut 135 $aur|n|---||||| 181 $ctxt 182 $cc 183 $acr 200 10$aMedische professionaliteit en recht$b[electronic resource] $erede uitgesproken op 18 juni 2010 in de Aula van de Universiteit van Amesterdam bij het afscheid als hoogleraar Gezondheidsrecht /$fdoor J.K.M. Gevers 210 $aAmsterdam $cVossiuspers UvA$d2010 215 $a1 online resource (24 p.) 225 1 $aVOR afscheidsredes 300 $aDescription based upon print version of record. 311 $a90-5629-644-2 320 $aIncludes bibliographical references. 327 $aMedische professionaliteit en recht; Inleiding; De bijzondere verhouding tussen beroepsnormen en recht; De niet-behandelend arts; De behandelend arts; Beschouwing; Slotwoord; Noten 330 $aDit afscheidscollege gaat over de verhouding tussen enerzijds beroepsnormen en -ethiek (het domein van de professie) en anderzijds recht en maatschappij (het domein van wetgever en rechter). Hoofdvraag is of voldoende verzekerd is dat artsen (kunnen) handelen conform de kernwaarden van hun beroep. Aan de hand van een aantal voorbeelden geeft Gevers aan dat die kernwaarden ook in de huidige maatschappij wel degelijk in de knel kunnen komen. In wezen gaat het betoog over het belang van professies in onze samenleving en de rol van het recht in de regulering daarvan. Conclusie is dat rechtsregels 410 0$aVOR afscheidsredes 606 $aPhysicians$xProfessional ethics 615 0$aPhysicians$xProfessional ethics. 676 $a174.2 700 $aGevers$b J. K. M$01462813 712 02$aUniversiteit van Amsterdam. 801 0$bMiAaPQ 801 1$bMiAaPQ 801 2$bMiAaPQ 906 $aBOOK 912 $a9910789630703321 996 $aMedische professionaliteit en recht$93671938 997 $aUNINA